Konkrétan kell fogalmazni

Bibliographic Details
Main Author: (gazdag) (Author)
Format: Article
Language:Slovak
Hungarian
Subjects:

MARC

LEADER 00000nab a2200000 a 4500
001 vtls000915246
003 SK-MaSNL
005 20260318132952.0
008 040720e19920710xo 0 slo
035 |a KE24133 
040 |a KEVKJB  |b slo  |c KEVKJB  |e AACR2 
041 1 |h hun 
044 |a xo  |c SK 
080 |a 323(437)  |2 1981 
100 0 |a (gazdag)  |4 aut  |9 880778 
245 1 0 |a Konkrétan kell fogalmazni 
590 |a Weiss, Peter 
600 1 7 |a Weiss, Peter,  |d 1952-  |2 KEVKJB  |9 103279 
650 0 7 |a pracovné návštevy  |2 KEVKJB  |9 69996 
650 0 7 |a zhodnotenie  |2 KEVKJB  |9 882661 
651 7 |a KE,  |2 KEVKJB  |9 877256 
655 7 |a periodikum  |2 snkbucl  |9 29553 
773 0 8 |t Új szó  |g Roč. 45, č.161, 10.7.1992, s. 2 
852 |a ZVYKNI  |b KIS3GCP 
999 |c 2170682  |d 2172612